000 01211cam a22003497a 4500
003 CHAP
005 20220329142015.0
008 990204d1998 mx r 00110 spa d
010 _a76962
011 _a77934
035 _a87709
040 _cCHAP
090 _aTesis
100 0 0 _aZiga Gabriel, José Francisco.
_9124015
245 1 0 _aClases y movimientos sociales en la Costa de Oaxaca : 1973-1996
_c/por J. Francisco Ziga Gabriel
260 _aChapingo, Méx. :
_bEl autor,
_c1998.
300 _a174 h.
502 _aTesis (Ing. Agr. Esp. en Sociología Rural) -- UACH. Departamento de Sociología Rural
590 _aALEPH
_b10
_c20130110
_lUCH01
_h1427
590 _aBATCH-UPD
_b10
_c20130110
_lUCH01
_h0343
590 _aBATCH-UPD
_b10
_c20130410
_lUCH01
_h0016
590 _aBATCH-UPD
_b10
_c20130914
_lUCH01
_h0946
590 _aCONVERSION
_b10
_c20130109
_lUCH01
_h1342
650 1 4 _aClases sociales.
_923673
650 1 4 _aMovimientos sociales
_xOaxaca.
_979176
650 1 4 _aOaxaca
_xCondiciones sociales.
_982478
901 _aBK
905 _aLilia Sánchez G.
942 _cFOLL
949 _bBC
_cTES
_d33724000712402
_eTS2
_fc.2
_h33366
_i87709
_si
949 _bBC
_cTES
_d877091
_eTS1
_h33365
_i87709
_sb
999 _c76962
_d76962